000 00577nam a22001937a 4500
005 20251108164125.0
008 250721s1998 xx 000 0 ara d
082 1 4 _a364.2/عبد
100 1 _aعبد الخالق، جلال الدين
245 1 0 _aالجريمة و الإنحراف الحدود و المعالجة /
264 1 _aالاسكندرية :
_c1998.
300 _a407ص
650 1 7 _aالجريمة
650 1 7 _aالعوامل البيئية
650 1 7 _aالمخدرات
650 1 7 _aمكافحة الجريمة
942 _2ddc
_cBK
999 _c4219
_d4219